[Event "BL2-Sued 0203"]
[Site "Germany"]
[Date "2003.03.09"]
[Round "8.3"]
[White "Vogel, Robert"]
[Black "Mann, Christian"]
[Result "0-1"]
[WhiteElo "2310"]
[BlackElo "2445"]
[PlyCount "92"]
[EventDate "2002.10.20"]
[EventType "team-tourn"]
[EventRounds "9"]
[EventCountry "GER"]
[SourceTitle "EXT 2004"]
[Source "ChessBase"]
[SourceDate "2003.11.25"]
[SourceVersion "1"]
[SourceVersionDate "2003.11.25"]
[SourceQuality "1"]
[WhiteTeam "Pang/Rosenheim"]
[BlackTeam "Eppingen"]
[WhiteTeamCountry "GER"]
[BlackTeamCountry "GER"]

1. d4 d5 2. c4 Nc6 3. Nf3 Bg4 4. cxd5 Bxf3 5. gxf3 Qxd5 6. e3 e6 7. Nc3 Qh5 8. Bd2 Nge7 9. Bg2 0-0-0 10. f4 Qxd1+ 11. Rxd1 h6 12. Rc1 Kb8 13. Ke2 Nd5 14. f5 Nxc3+ 15. Rxc3 exf5 16. Bxc6 bxc6 17. Rxc6 Rd5 18. Kd3 Kb7 19. Rhc1 Bd6 20. a4 Rd8 21. h3 f4 22. R6c4 Rh5 23. Bb4 Bxb4 24. Rxb4+ Kc8 25. Rc6 fxe3 26. fxe3 Rxh3 27. Ra6 Re8 28. Rxa7 Rhxe3+ 29. Kc4 R8e6 30. a5 Re1 31. a6 Rc6+ 32. Kb3 Ra1 33. Ra8+ Kd7 34. a7 Rca6 35. Rb7 Kc6 36. Rbb8 Rxa7 37. Rxa7 Rxa7 38. Rf8 Ra5 39. Rxf7 Rg5 40. Kc4 h5 41. b4 h4 42. b5+ Kd6 43. Rf8 Rh5 44. Rd8+ Ke7 45. Rc8 Kd7 46. Rf8 h3 0-1

[Event "BL2-Sued 0203"]
[Site "Germany"]
[Date "2003.02.23"]
[Round "7.3"]
[White "Mann, Christian"]
[Black "Pirrot, Dieter"]
[Result "0-1"]
[WhiteElo "2445"]
[BlackElo "2421"]
[PlyCount "73"]
[EventDate "2002.10.20"]
[EventType "team-tourn"]
[EventRounds "9"]
[EventCountry "GER"]
[SourceTitle "EXT 2004"]
[Source "ChessBase"]
[SourceDate "2003.11.25"]
[SourceVersion "1"]
[SourceVersionDate "2003.11.25"]
[SourceQuality "1"]
[WhiteTeam "Eppingen"]
[BlackTeam "St Ingbert"]
[WhiteTeamCountry "GER"]
[BlackTeamCountry "GER"]

1. g3 e5 2. Bg2 Nc6 3. e4 Bc5 4. Ne2 h5 5. h3 h4 6. g4 Nge7 7. Nbc3 Ng6 8. d3 a6 9. f4 exf4 10. Nxf4 Nxf4 11. Bxf4 d6 12. Qd2 Nd4 13. 0-0-0 Bb4 14. e5 Nb5 15. Qe3 Bxc3 16. exd6+ Be6 17. dxc7 Qe7 18. bxc3 Qa3+ 19. Kd2 Qxc3+ 20. Ke2 0-0 21. Be5 Qb4 22. c4 Nc3+ 23. Bxc3 Qxc3 24. Qf4 Rae8 25. Kf2 Bd7 26. Bd5 Re6 27. g5 Re5 28. Be4 g6 29. Rhg1 Qd4+ 30. Qe3 Qd6 31. Rb1 Bc6 32. Rg4 Qxc7 33. Rxh4 Qe7 34. Rg1 Re8 35. Rgg4 Rf5+ 36. Kg1 Qe5 37. Qg3 0-1

[Event "BL2-Sued 0304"]
[Site "Germany"]
[Date "2003.??.??"]
[Round "?.3"]
[White "Mann, Christian"]
[Black "Vogel, Robert"]
[Result "1-0"]
[WhiteElo "2440"]
[BlackElo "2315"]
[PlyCount "49"]
[EventDate "2003.10.??"]
[EventType "team-tourn"]
[EventRounds "9"]
[EventCountry "GER"]
[SourceTitle "CBM 100 Extra"]
[Source "ChessBase"]
[SourceDate "2004.07.06"]
[SourceVersion "2"]
[SourceVersionDate "2004.07.06"]
[SourceQuality "1"]
[WhiteTeam "Eppingen"]
[BlackTeam "Pang/Rosenheim"]
[WhiteTeamCountry "GER"]
[BlackTeamCountry "GER"]

1. e4 e5 2. Nf3 Nf6 3. Nxe5 d6 4. Nf3 Nxe4 5. d4 d5 6. Bd3 Be7 7. 0-0 Nc6 8. c4 Nf6 9. Nc3 0-0 10. Re1 Nb4 11. cxd5 Nfxd5 12. Bb1 Re8 13. Ne5 Be6 14. a3 Nc6 15. Nxc6 bxc6 16. Ne4 Qd7 17. Bd3 Bf5 18. Qc2 Nf6 19. Bf4 Nxe4 20. Bxe4 Qxd4 21. Rad1 Bxe4 22. Rxe4 Qf6 23. Rde1 Rf8 24. Be5 Qg6 25. Qc4 1-0

[Event "BL2-Sued 0203"]
[Site "Germany"]
[Date "2002.11.17"]
[Round "2.3"]
[White "Mann, Christian"]
[Black "Mandel, Andreas"]
[Result "0-1"]
[WhiteElo "2445"]
[BlackElo "2367"]
[PlyCount "68"]
[EventDate "2002.10.20"]
[EventType "team-tourn"]
[EventRounds "9"]
[EventCountry "GER"]
[SourceTitle "EXT 2004"]
[Source "ChessBase"]
[SourceDate "2003.11.25"]
[SourceVersion "1"]
[SourceVersionDate "2003.11.25"]
[SourceQuality "1"]
[WhiteTeam "Eppingen"]
[BlackTeam "Viernheim"]
[WhiteTeamCountry "GER"]
[BlackTeamCountry "GER"]

1. e4 c5 2. c3 d5 3. exd5 Qxd5 4. d4 Nf6 5. Nf3 Bg4 6. dxc5 Qxd1+ 7. Kxd1 e5 8. b4 e4 9. h3 Bh5 10. g4 Nxg4 11. hxg4 Bxg4 12. Nbd2 Nc6 13. Rh4 Bxf3+ 14. Nxf3 exf3 15. Kc2 f6 16. Bd3 Ne5 17. Rxh7 Rxh7 18. Bxh7 0-0-0 19. Be3 Kc7 20. Be4 Be7 21. Rg1 Bf8 22. a4 Re8 23. Bd5 g5 24. Rh1 Re7 25. Bd4 g4 26. Rh8 Bg7 27. Ra8 Nc6 28. Be3 Rxe3 29. fxe3 Ne7 30. Be6 g3 31. Re8 Bf8 32. Rxf8 g2 33. Rf7 g1Q 34. Rxe7+ Kd8 0-1